La prevencion del delito: textos para su estudio

Gespeichert in:  
Bibliographische Detailangaben
Medienart: Druck Buch
Sprache:Spanisch
Veröffentlicht: Caracas Dirección de Prevención del Delito, Ministerio de Justicia 19XX-
In:Jahr: 1971
Verfügbarkeit prüfen: HBZ Gateway
Subito Bestelldienst: Jetzt bestellen.
Bände / Aufsätze:Bände / Aufsätze anzeigen.

MARC

LEADER 00000cam a22000002ca4500
001 135251916X
003 DE-627
005 20220527142725.0
007 tu
008 080619n19uuuuuuxx ||||| 00| ||spa c
035 |a (DE-627)135251916X 
035 |a (DE-576)282519165 
035 |a (DE-599)BSZ282519165 
040 |a DE-627  |b ger  |c DE-627  |e rakwb 
041 |a spa 
190 |j 1971 
245 0 3 |a La prevencion del delito  |b textos para su estudio 
264 1 |a Caracas  |b Dirección de Prevención del Delito, Ministerio de Justicia  |c 19XX- 
336 |a Text  |b txt  |2 rdacontent 
337 |a ohne Hilfsmittel zu benutzen  |b n  |2 rdamedia 
338 |a Band  |b nc  |2 rdacarrier 
935 |a mkri 
951 |a MC 
ELC |b 1 
LOK |0 000 xxxxxcx a22 zn 4500 
LOK |0 001 257380402X 
LOK |0 003 DE-627 
LOK |0 004 135251916X 
LOK |0 005 20080619122606 
LOK |0 008 080619||||||||||||||||ger||||||| 
LOK |0 040   |a DE-Frei85  |c DE-627  |d DE-Frei85 
LOK |0 852   |a DE-Frei85 
LOK |0 852 1  |m p  |9 00 
LOK |0 938   |k p 
LOK |0 939   |a 19-06-08  |b l01 
ORI |a SA-MARC-krimdoka001.raw 
SPR |a 1  |t KRI